01624nam a2200361Ia 4500001001200000003000800012006001900020007001500039008004100054010001700095020003000112020002700142040002100169035002100190050002200211100002100233245009600254260005400350300002500404490012200429504006400551533015200615650003400767650004400801650001800845650003900863655002900902710001700931830006900948830010201017856012601119999001701245ebr10309212CaPaEBRm u cr cn|||||||||090317s2009 ne a sb 001 0 eng d z 2009924846 z9781607500032 (hardcover) z1607500035 (hardcover) aCaPaEBRcCaPaEBR a(OCoLC)64781646614aK213b.B64 2009eb1 aBoer, Alexander.10aLegal theory, sources of law and the semantic webh[electronic resource] /cAlexander Boer. aAmsterdam ;aWashington, DC :bIOS Press,cc2009. aviii, 307 p. :bill.1 aFrontiers in artificial intelligence and applications. Dissertations in artificial intelligence,x0922-6389 ;vv. 195 aIncludes bibliographical references (p. 283-300) and index. aElectronic reproduction.bPalo Alto, Calif. :cebrary,d2009.nAvailable via World Wide Web.nAccess may be limited to ebrary affiliated libraries. 0aLawxMethodologyxAutomation. 0aJustice, Administration ofxAutomation. 0aSemantic Web. 0aInternet in public administration. 7aElectronic books.2local2 aebrary, Inc. 0aFrontiers in artificial intelligence and applications ;vv. 195. 0aFrontiers in artificial intelligence and applications.pDissertations in artificial intelligence.40uhttp://site.ebrary.com/lib/rucke/Doc?id=10309212zAn electronic book accessible through the World Wide Web; click to view c61678d61678